|
|
|
|
| LEADER |
02526nam a2200685 4500 |
| 001 |
ocn806456439 |
| 003 |
OCoLC |
| 005 |
20170124072019.2 |
| 006 |
m o d |
| 007 |
cr ||||||||||| |
| 008 |
120815s2011 enk ob 001 0 eng |
| 010 |
|
|
|a 2012033387
|
| 040 |
|
|
|a DLC
|b eng
|e rda
|c DLC
|d YDX
|d UIU
|d DG1
|d HLS
|d N$T
|d NOC
|d OCLCF
|d UKDOC
|d YDXCP
|d OCLCO
|d GrThAP
|
| 020 |
|
|
|a 9781118314203 (ePub)
|
| 020 |
|
|
|a 1118314204 (ePub)
|
| 020 |
|
|
|a 9781118314210 (MobiPocket)
|
| 020 |
|
|
|a 1118314212 (MobiPocket)
|
| 020 |
|
|
|a 9781118314227 ( Adobe PDF)
|
| 020 |
|
|
|a 1118314220 ( Adobe PDF)
|
| 020 |
|
|
|z 9780470516140 (cloth)
|
| 020 |
|
|
|z 9781118314234
|
| 020 |
|
|
|z 1118314239
|
| 029 |
1 |
|
|a AU@
|b 000050718452
|
| 029 |
1 |
|
|a NZ1
|b 14814260
|
| 029 |
1 |
|
|a NZ1
|b 15340336
|
| 029 |
1 |
|
|a CHVBK
|b 198202369
|
| 029 |
1 |
|
|a CHBIS
|b 009775009
|
| 029 |
1 |
|
|a NLGGC
|b 362853797
|
| 029 |
1 |
|
|a NZ1
|b 15905470
|
| 029 |
1 |
|
|a GBVCP
|b 722105940
|
| 029 |
1 |
|
|a DEBBG
|b BV043394982
|
| 035 |
|
|
|a (OCoLC)806456439
|
| 042 |
|
|
|a pcc
|
| 050 |
0 |
0 |
|a QD139.G5
|
| 072 |
|
7 |
|a TEC
|x 009010
|2 bisacsh
|
| 082 |
0 |
0 |
|a 666/.135
|2 23
|
| 049 |
|
|
|a MAIN
|
| 100 |
1 |
|
|a Janssens, Koen H. A.
|
| 245 |
1 |
0 |
|a Modern methods for analysing archaeological and historical glass /
|c Koen Janssens, University of Antwerp, Belgium.
|
| 264 |
|
1 |
|a Chichester, West Sussex, United Kingdom :
|b John Wiley & Sons Inc.,
|c 2011.
|
| 300 |
|
|
|a 1 online resource.
|
| 336 |
|
|
|a text
|2 rdacontent
|
| 337 |
|
|
|a computer
|2 rdamedia
|
| 338 |
|
|
|a online resource
|2 rdacarrier
|
| 504 |
|
|
|a Includes bibliographical references and index.
|
| 588 |
|
|
|a Description based on print version record and CIP data provided by publisher.
|
| 650 |
|
0 |
|a Glass
|x Analysis.
|
| 650 |
|
0 |
|a Glass manufacture
|x Chemistry
|x History.
|
| 650 |
|
0 |
|a Excavations (Archaeology)
|
| 650 |
|
0 |
|a Antiquities.
|
| 650 |
|
7 |
|a TECHNOLOGY & ENGINEERING / Chemical & Biochemical
|2 bisacsh
|
| 650 |
|
7 |
|a Antiquities.
|2 fast
|0 (OCoLC)fst00810745
|
| 650 |
|
7 |
|a Excavations (Archaeology)
|2 fast
|0 (OCoLC)fst00917564
|
| 650 |
|
7 |
|a Glass
|x Analysis.
|2 fast
|0 (OCoLC)fst00943031
|
| 650 |
|
7 |
|a Glass manufacture
|x Chemistry.
|2 fast
|0 (OCoLC)fst00943193
|
| 655 |
|
4 |
|a Electronic books.
|
| 655 |
|
7 |
|a History.
|2 fast
|0 (OCoLC)fst01411628
|
| 776 |
0 |
8 |
|i Print version:
|a Janssens, Koen H. A.
|t Modern methods for analysing archaeological and historical glass
|z 9780470516140 (cloth)
|w (DLC) 2012030740
|
| 856 |
4 |
0 |
|u https://doi.org/10.1002/9781118314234
|z Full Text via HEAL-Link
|
| 994 |
|
|
|a 92
|b DG1
|